Представление документа в формате MARC21

Поле Инд. ПП Название Значение
Тип записи a
Библиографический уровень a
001 Контрольный номер b514b34622934694bec077f3e9952e2e
005 Дата корректировки 20260703095647.2
040 a Служба первич. каталог. 10013504
041 0_ a Код языка текста rus
100 1_ a Автор Савкин М.И.
q Полное имя Савкин М.И.
245 10 a Заглавие Некоторые вопросы анализа и синтеза систем, работающих на границе устойчивости
504 a Библиография Библиогр.: с. 170 (4 назв.)
653 0_ a Ключевые слова АВТОР МАИ
700 12 a Другие авторы Никитина М.П.
q Полное имя Никитина М.П.
773 18 a Заголовок основной записи Московский авиационный институт им. С. Орджоникидзе
w Контрольный № источника fbfa3087e78d41ac9e797376397df740
t Название источника Труды института
d Место и дата издания Москва : МАИ, 1970
g Прочая информация Вып. 216. - С. 134-170
901 t Тип документа a